| 000 | 00434pam a2200133a 44500 | ||
|---|---|---|---|
| 008 | 230405s xxu||||| |||| 00| 0 eng d | ||
| 041 | _aENG | ||
| 100 | _aCSIR | ||
| 245 | _aTHE WEALTH OF INDIA A DICITIONARY OF INDIAN RAW MATERIALS AND INDUSTRIAL PRODUCTS RAW MATERIALS VOL V ; HR | ||
| 250 | _a1 2001 | ||
| 260 |
_aNEW DELHI _bNATIONAL INSTITUTE OF SCIENCE COMMUNICATION AND IN NEW DELHI _c |
||
| 650 | _aPHARMACOGNOSY | ||
| 906 | _a1244 | ||
| 999 |
_c276515 _d276515 |
||